قر و نی و سطی کے مسلما نو ن کے سا انسی کا ر نا مے (Record no. 146975)

MARC details
000 -LEADER
fixed length control field 00988nam a22002177a 4500
005 - DATE AND TIME OF LATEST TRANSACTION
control field 20171129104908.0
010 ## - LCCN (DPL NO)
LC control number UR-9855
020 6# - INTERNATIONAL STANDARD BOOK NUMBER
Terms of availability 230.00
035 ## - SYSTEM CONTROL NUMBER
System control number U-8410
037 ## - SOURCE OF ACQUISITION
Source of stock number/acquisition DBAD/PUB
082 ## - DEWEY DECIMAL CLASSIFICATION NUMBER
Classification number 613.270
100 ## - MAIN ENTRY--PERSONAL NAME
Personal name ڈ ا کٹر غلا م قا د ر لو ن
245 ## - TITLE STATEMENT
Title قر و نی و سطی کے مسلما نو ن کے سا انسی کا ر نا مے
Statement of responsibility, etc ڈ ا کٹر غلا م قا د ر لو ن
246 ## - VARYING FORM OF TITLE
Remainder of title
Title proper/short title Qurun-e-Wusta Ke Musalmanon Ke Sciencei Karname
250 ## - EDITION STATEMENT
Edition statement by Dr. Ghulam Qadir Lone
260 ## - PUBLICATION, DISTRIBUTION, ETC. (IMPRINT)
Place of publication, distribution, etc نئی د لی
Name of publisher, distributor, etc Merkazi Maktaba Islami Publishers
Date of publication, distribution, etc 2014
270 ## - ADDRESS
Address D307,Dawat Nagar,Abul Fazal Enclave,Jamia Nagar ,
City New Delhi
Postal code 110025
Telephone number 01126971652
Fax number -
300 ## - PHYSICAL DESCRIPTION
Extent 447ص
Dimensions 22 Cm.(B.b)
500 ## - GENERAL NOTE
General note دو حصہ
942 ## - ADDED ENTRY ELEMENTS (KOHA)
Source of classification or shelving scheme Dewey Decimal Classification
Item type Urdu Bks
Classification part 613.270
Call number suffix غ ل ا
Edition
Holdings
Withdrawn status Lost status Not for loan Collection code Home library Current library Date acquired Source of acquisition Cost, normal purchase price Full call number Barcode Copy number Cost, replacement price Koha item type
    Not For Loan Non-fiction D.B.Act.Division D.B.Act.Division 28/10/2017 DBAD/PUB. 230.00 613.270 غ ل ا U-8410 1 230.00 Urdu Bks

© Delhi Public Library
Hit Counter
free hit counter